LEADER 01372nam--2200385---450 001 990002277670203316 005 20200708115737.0 035 $a000227767 035 $aUSA01000227767 035 $a(ALEPH)000227767USA01 035 $a000227767 100 $a20041216d1982----km-y0itay0103----ba 101 0 $aita 102 $aIT 105 $a||||||||001yy 200 1 $a<> accordi sindacali nel pubblico impiego$epluralismo giuridico, separazione degli ordinamenti e forme di comunicazione$fAndrea Orsi Battaglini 210 $aMilano$cGiuffrè$d1982 215 $aVI, 325 p.$d25 cm 225 2 $aPubblicazioni della Facoltà di giurisprudenza$fUniversità di Firenze$v44 410 0$12001$aPubblicazioni della Facoltà di giurisprudenza$fUniversità di Firenze$v44 454 1$12001 461 1$1001-------$12001 606 0 $aImpiego pubblico$xDiritto del lavoro 606 0 $aImpiegati pubblici$xContratti collettivi$xDiritto 676 $a344.01 700 1$aORSI BATTAGLINI,$bAndrea$0246593 801 0$aIT$bsalbc$gISBD 912 $a990002277670203316 951 $aXXV.2.E 46 (IG III 488)$b7506 E.C.$cXXV.2.E 46 (IG III)$d00241700 959 $aBK 969 $aGIU 979 $aSIAV4$b10$c20041216$lUSA01$h1352 979 $aRSIAV3$b90$c20090804$lUSA01$h1002 996 $aAccordi sindacali nel pubblico impiego$9688530 997 $aUNISA LEADER 01551nam0 2200337 i 450 001 TSA0294141 005 20231121125848.0 010 $a8834808339 020 $aIT$b2002-3299 100 $a20141021d2001 ||||0itac50 ba 101 | $aita 102 $ait 181 1$6z01$ai $bxxxe 182 1$6z01$an 200 1 $aImprese commerciali e sistema distributivo$euna visione economico-manageriale$fC. Baccarani ... \et al.!$ga cura di Claudio Baccarani$gpresentazione di Giordano Caprara 205 $a3. ed 210 $aTorino$cG. Giappichelli$d\2001! 215 $aXXIX, 529 p.$d24 cm. 606 $aImprese commerciali$xOrganizzazione$2FIR$3RMLC377948$9I 676 $a380.1065$9$v20 702 1$aBaccarani$b, Claudio$3CFIV040201 790 1$aBaccarini$b, Claudio$3CFIV091012$zBaccarani, Claudio 790 1$aBeccarini$b, Claudio$3CFIV091013$zBaccarani, Claudio 801 3$aIT$bIT-01$c20141021 850 $aIT-FR0098 899 $aBiblioteca Area Giuridico Economica$bFR0098 912 $aTSA0294141 950 0$aBiblioteca Area Giuridico Economica$d 53IMP 380.1065/1 III ed.$e 53VM 0000109745 VM barcode:ECO014805. - Inventario:6223. - Fondo:Sala consultazioneVM$fA $h20010702$i20121204$d 53IMP 380.1065/1 III ed.bis$e 53VM 0000109735 VM barcode:ECO014495. - Inventario:6916. - Fondo:Sala consultazioneVM$fA $h20020726$i20121204 977 $a 53 996 $aImprese commerciali e sistema distributivo$963347 997 $aUNICAS